Normal view
MARC view
- QUALITY SYSTEMS HANDBOOK
Entry Topical Term
001 - CONTROL NUMBER
- control field: 77535
003 - CONTROL NUMBER IDENTIFIER
- control field: NUST
005 - DATE AND TIME OF LATEST TRANSACTION
- control field: 20210628205932.0
008 - FIXED-LENGTH DATA ELEMENTS
- fixed length control field: 210628|| aca||aabn | a|a d
040 ## - CATALOGING SOURCE
- Original cataloging agency: NUST
- Transcribing agency: NUST
150 ## - HEADING--TOPICAL TERM
- Topical term or geographic name entry element: QUALITY SYSTEMS HANDBOOK
670 ## - SOURCE DATA FOUND
- Source citation: Work cat.: (NUST): Hoyle, David 44744, Iso 9000 quality systems handbook covering latest revision to the standard, 1994
